Anuario estadístico 1972, sistema telefónico nacional

保存先:
書誌詳細
団体著者: Instituto Costarricense de Electricidad
フォーマット: テキスト
出版事項: San José: El Instituto
タグ: タグ追加
タグなし, このレコードへの初めてのタグを付けませんか!

MARC

LEADER 00000 a a2200000 04500
001 17566
003
040
090 |a EXTRAVIADO  
110 |a Instituto Costarricense de Electricidad  
245 |a Anuario estadístico 1972, sistema telefónico nacional  
260 |a San José:   |b El Instituto  
300 |a 87 p.  
999 |c 10279  |d 10279